[Event "GER-chT School WK Girls"]
[Site "Playchess.com INT"]
[Date "2020.06.17"]
[Round "5.4"]
[White "Koy, Koroline"]
[Black "Leimenstoll, Lisa"]
[Result "1-0"]
[WhiteElo "1620"]
[BlackElo "1472"]
[PlyCount "71"]
[EventDate "2020.06.10"]
[EventType "team-swiss (blitz)"]
[EventRounds "7"]
[EventCountry "GER"]
[SourceTitle "EXT 2021"]
[Source "ChessBase"]
[SourceDate "2020.10.23"]
[SourceVersion "1"]
[SourceVersionDate "2020.10.23"]
[SourceQuality "1"]
[WhiteTeam "Oppenheim Gymn"]
[BlackTeam "Freiburg St Ursela Gymn"]
[WhiteTeamCountry "GER"]
[BlackTeamCountry "GER"]

1. e4 e5 2. Nf3 Bc5 3. Nxe5 Nf6 4. Nc3 Ng4 5. Qxg4 Bd4 6. Nf3 Bxc3 7. bxc3 d6 8. Bb5+ c6 9. Bd3 Bxg4 10. e5 Bxf3 11. gxf3 dxe5 12. Rg1 e4 13. fxe4 c5 14. Rxg7 Kf8 15. Rg5 c4 16. Bxc4 Nc6 17. Rd5 Qe8 18. Rg5 b5 19. Bxb5 Rc8 20. Ba3+ Qe7 21. Bxe7+ Nxe7 22. Bd7 Rb8 23. e5 Rb2 24. e6 fxe6 25. Bxe6 Rxc2 26. Rb1 Nc6 27. Bb3 h6 28. Rf5+ Ke7 29. Bxc2 Rg8 30. Rb7+ Ke6 31. Rc5 Kd6 32. d4 Rg1+ 33. Kd2 Rg2 34. Be4 Rxf2+ 35. Ke3 Rxh2 36. Rxc6# 1-0

[Event "GER-chT School WK Girls"]
[Site "Playchess.com INT"]
[Date "2020.06.10"]
[Round "2.4"]
[White "Bekteshi, Sara"]
[Black "Koy, Koroline"]
[Result "1-0"]
[WhiteElo "1262"]
[BlackElo "1620"]
[PlyCount "83"]
[EventDate "2020.06.10"]
[EventType "team-swiss (blitz)"]
[EventRounds "7"]
[EventCountry "GER"]
[SourceTitle "EXT 2021"]
[Source "ChessBase"]
[SourceDate "2020.10.23"]
[SourceVersion "1"]
[SourceVersionDate "2020.10.23"]
[SourceQuality "1"]
[WhiteTeam "Borken"]
[BlackTeam "Oppenheim Gymn"]
[WhiteTeamCountry "GER"]
[BlackTeamCountry "GER"]

1. e4 e5 2. Qh5 Nf6 3. Qxe5+ Qe7 4. Qxe7+ Bxe7 5. e5 Ne4 6. d4 f6 7. Bd3 Ng5 8. Bxg5 fxg5 9. Nf3 Rf8 10. 0-0 Nc6 11. Nc3 Nb4 12. Bxh7 Nxc2 13. Rac1 Nb4 14. Bg6+ Kd8 15. d5 d6 16. e6 b6 17. a3 Nd3 18. Rcd1 Nxb2 19. Rc1 Ba6 20. Rfe1 Bd3 21. Re3 Bxg6 22. Rb1 Nc4 23. Rbe1 Nxe3 24. Rxe3 g4 25. Nd4 Rf4 26. Nce2 Rf8 27. Rg3 Bh5 28. h3 gxh3 29. Rxh3 Bxe2 30. Nxe2 Rf5 31. Rh7 Rxd5 32. Nf4 Rd1+ 33. Kh2 d5 34. Rh8+ Bf8 35. Rxf8+ Ke7 36. Rxa8 Rd4 37. Ne2 Rh4+ 38. Kg1 g5 39. Rxa7 g4 40. Rxc7+ Kf6 41. Rc8 g3 42. fxg3 1-0